Discurso pronunciado ante el claustro de la Universidad Central : (Record no. 164129)
[ view plain ]
| 000 -LEADER | |
|---|---|
| campo de control de longitud fija | 01152nam a22002295i 4500 |
| 001 - NÚMERO DE CONTROL | |
| campo de control | 164129 |
| 003 - IDENTIFICADOR DE NÚMERO DE CONTROL | |
| campo de control | ES-MaACL |
| 005 - FECHA Y HORA DE LA ÚLTIMA TRANSACCIÓN | |
| campo de control | 20250807210536.0 |
| 008 - DATOS DE LONGITUD FIJA--INFORMACIÓN GENERAL | |
| campo de control de longitud fija | 011030s1859 sp |||| | spa d |
| 080 ## - NÚMERO DE LA CLASIFICACIÓN DECIMAL UNIVERSAL | |
| Número de la Clasificación Decimal Universal | 37.04-055.2 |
| 100 1# - ENTRADA PRINCIPAL--NOMBRE DE PERSONA | |
| Nombre de persona | Rufilanchas Lapeira, Gabino. |
| 9 (RLIN) | 132167 |
| 245 10 - MENCIÓN DEL TÍTULO | |
| Título | Discurso pronunciado ante el claustro de la Universidad Central : |
| Resto del título | en el acto solemne de recibir la investidura de doctor en la Facultad de Medicina y Cirugía / |
| Mención de responsabilidad, etc. | por Gabino Rufilanchas Lapeira. |
| 260 ## - PUBLICACIÓN, DISTRIBUCIÓN, ETC. | |
| Lugar de publicación, distribución, etc. | Madrid : |
| Nombre del editor, distribuidor, etc. | [s.n.], |
| Fecha de publicación, distribución, etc. | 1859 ( |
| Fabricante | Imp. de Manuel Galiano) |
| 300 ## - DESCRIPCIÓN FÍSICA | |
| Extensión | 20 p. ; |
| Dimensiones | 24 cm. |
| 530 ## - NOTA DISPONIBLE DE FORMULARIO FÍSICO ADICIONAL | |
| Nota de formato físico adicional disponible | Disponible en formato digital. |
| 594 ## - Nota al título y mención de responsabilidad | |
| Nota al título y mención de responsabilidad | Tít. en antep.: ¿Cuál es la educación de la mujer más conforme a los destinos que la providencia la ha confiado? |
| 650 #4 - PUNTO DE ACCESO ADICIONAL DE MATERIA--TÉRMINO DE MATERIA | |
| Término de materia o nombre geográfico como elemento de entrada | Mujeres- |
| Subdivisión general | Educación |
| 9 (RLIN) | 12094 |
| 710 2# - ENTRADA AGREGADA--NOMBRE DE ENTIDAD CORPORATIVA | |
| Nombre de entidad corporativa o nombre de jurisdicción como elemento de entrada | Universidad Central (Madrid). |
| Unidad subordinada | Facultad de Medicina |
| 9 (RLIN) | 7093 |
| 852 4# - LOCALIZACIÓN | |
| Ubicación | ES-MaACL |
| Número de control de estantería | T-54-F-9 |
| Nota libre | - Enc. hol. |
| -- | - Enc. en un vol. facticio |
| -- | - Dedicatoria autógrafa del autor |
| 856 4# - LOCALIZACIÓN Y ACCESO ELECTRÓNICOS | |
| Identificador Uniforme de Recursos | <a href="http://uvadoc.uva.es/handle/10324/22555 ">http://uvadoc.uva.es/handle/10324/22555 </a> |
| Nota pública | Repositorio Documental de la Universidad de Valladolid |
| Estatus retirado | Estado de pérdida | Estado de daño | No para préstamo | Colección | Biblioteca de origen | Biblioteca actual | Ubicación en estantería | Fecha de adquisición | Total de préstamos | Signatura topográfica completa | Código de barras | Visto por última vez | Precio de reemplazo | Tipo de ítem Koha |
|---|---|---|---|---|---|---|---|---|---|---|---|---|---|---|
| Colección de folletos | Biblioteca del Ateneo de Madrid | Biblioteca del Ateneo de Madrid | Depósito folletos | 17/01/2008 | T-54-F-9 | 1172019 | 23/02/2023 | 23/02/2023 | Folleto |
